African Countries by Value of Exports - Statistics

General Stats
  • This quiz has been taken 16 times
  • The average score is 13 of 15
Answer Stats
$ Worth of Exports Country % Correct
$22 Billion Democratic Republic of the Congo
100%
$45 Billion Egypt
100%
$47 Billion Morocco
100%
$131 Billion South Africa
100%
$43 Billion Algeria
94%
$30 Billion Angola
94%
$23 Billion Ghana
94%
$47 Billion Nigeria
94%
$20 Billion Tunisia
94%
$12 Billion Kenya
88%
$10 Billion Tanzania
88%
$16 Billion Cote d'Ivoire
81%
$12 Billion Zambia
81%
$11 Billion Gabon
63%
$10 Billion Guinea
50%
No matching quizzes found
Score Distribution
Percent of People with Each Score
Percentile by Number Answered
Your Score History
You have not taken this quiz